000 00535nam a2200193Ia 4500
005 20250326123457.0
008 250326s9999 xx 000 0 und d
037 _aTextbook
040 _aFMSL
_beng
_cFMSL
041 _aeng
_2eng
084 _aX:74 P6
_qFMSL
100 _aThompson A A
_9735245
245 0 _aCrafting and executing strategy
_cThompson A A; Jain A K
250 _a14
260 _aNew Delhi
_bNew Delhi, Tata McGraw-Hill
_c2006
300 _a837p
942 _cTB
_hX:74 P6
999 _c1269526
_d1269526